[Event "EYCC Open-U14 2019"]
[Site "Bratislava"]
[Date "2019.08.06"]
[Round "5.28"]
[White "Trofimov, Pavel"]
[Black "Nareks, Matic"]
[Result "1-0"]
[WhiteElo "2151"]
[BlackElo "1937"]
[Annotator "NA"]
[PlyCount "71"]
[EventDate "2019.08.02"]
[EventType "swiss"]
[EventCountry "SVK"]
[SourceTitle "playchess.com"]
[Source "ChessBase"]
[SourceQuality "1"]
[TimeControl "40/5400+30:1800+30"]

1. d4 {[%emt 0:00:10]} d6 {[%emt 0:00:07]} 2. c4 {[%emt 0:00:23]} e5 {[%emt 0:00:33]} 3. Nc3 {[%emt 0:02:10]} Nd7 {[%emt 0:03:18]} 4. d5 {[%emt 0:03:16]} g6 {[%emt 0:12:53]} 5. e4 {[%emt 0:04:40]} Bg7 {[%emt 0:03:08]} 6. Nge2 {[%emt 0:04:33]} a5 {[%emt 0:11:04]} 7. Ng3 {[%emt 0:00:58]} Nc5 {[%emt 0:02:19]} 8. Be2 {[%emt 0:01:10]} Ne7 {[%emt 0:01:03]} 9. h4 {[%emt 0:04:08]} f5 {[%emt 0:04:44]} 10. exf5 {[%emt 0:14:22]} Nxf5 {[%emt 0:01:42]} 11. Nxf5 {[%emt 0:01:35]} Bxf5 {[%emt 0:07:06]} 12. g4 {[%emt 0:10:19]} Bd7 {[%emt 0:01:12]} 13. Be3 {[%emt 0:03:33]} b6 {[%emt 0:11:43]} 14. Qd2 {[%emt 0:05:02]} Qe7 {[%emt 0:04:10]} 15. h5 {[%emt 0:02:43]} e4 {[%emt 0:05:46]} 16. O-O-O {[%emt 0:06:41]} O-O-O {[%emt 0:02:41]} 17. Kb1 {[%emt 0:03:28]} Na4 {[%emt 0:03:54]} 18. Nxa4 {[%emt 0:02:22]} Bxa4 {[%emt 0:00:05]} 19. Rc1 {[%emt 0:01:04]} Be8 {[%emt 0:00:51]} 20. Qc2 {[%emt 0:09:12]} g5 {[%emt 0:01:25]} 21. Qb3 {[%emt 0:01:31]} Be5 {[%emt 0:04:38]} 22. c5 {[%emt 0:13:08]} dxc5 {[%emt 0:00:16]} 23. Bxc5 {[%emt 0:00:05]} Qxc5 {[%emt 0:00:43]} 24. Rxc5 {[%emt 0:00:17]} bxc5 {[%emt 0:00:01]} 25. Ba6+ {[%emt 0:02:42]} Kd7 {[%emt 0:00:06]} 26. Re1 {[%emt 0:00:04]} Bf7 {[%emt 0:01:06]} 27. Bb7 {[%emt 0:02:48]} Kd6 {[%emt 0:00:33]} 28. Qb5 {[%emt 0:00:33]} Be8 {[%emt 0:00:08]} 29. Qa6+ {[%emt 0:00:12]} c6 {[%emt 0:00:42]} 30. Bxc6 {[%emt 0:00:19]} Ke7 {[%emt 0:00:24]} 31. Rxe4 {[%emt 0:00:11]} Kf6 {[%emt 0:00:15]} 32. Bd7+ {[%emt 0:00:21]} Kg7 {[%emt 0:00:21]} 33. h6+ {[%emt 0:00:25]} Kf8 {[%emt 0:00:06]} 34. Bxe8 {[%emt 0:00:18]} Rxe8 {[%emt 0:00:06]} 35. Rxe5 {[%emt 0:00:04]} Rxe5 {[%emt 0:00:21]} 36. Qf6+ {[%emt 0:00:04]} 1-0

[Event "EYCC Open-U14 2019"]
[Site "Bratislava"]
[Date "2019.08.06"]
[Round "5.29"]
[White "Creanga, Robert-Ionut"]
[Black "Yaniv, Yuval"]
[Result "0-1"]
[WhiteElo "2024"]
[BlackElo "2135"]
[Annotator "NA"]
[PlyCount "76"]
[EventDate "2019.08.02"]
[EventType "swiss"]
[EventCountry "SVK"]
[SourceTitle "playchess.com"]
[Source "ChessBase"]
[SourceQuality "1"]
[TimeControl "40/5400+30:1800+30"]

1. d4 {[%emt 0:00:00]} Nf6 {[%emt 0:00:00]} 2. c4 {[%emt 0:00:00]} g6 {[%emt 0:00:27]} 3. f3 {[%emt 0:00:00]} Nc6 {[%emt 0:01:45]} 4. d5 Ne5 {[%emt 0:00:15]} 5. e4 {[%emt 0:01:41]} d6 {[%emt 0:00:48]} 6. Nc3 {[%emt 0:01:00]} Bg7 {[%emt 0:00:48]} 7. f4 {[%emt 0:00:56]} Ned7 {[%emt 0:00:10]} 8. Nh3 {[%emt 0:00:16]} O-O {[%emt 0:01:09]} 9. Be2 {[%emt 0:06:47]} Nc5 {[%emt 0:06:00]} 10. Nf2 {[%emt 0:00:46]} e6 {[%emt 0:00:34]} 11. O-O {[%emt 0:07:01]} exd5 {[%emt 0:00:57]} 12. cxd5 {[%emt 0:00:20]} Re8 {[%emt 0:07:55]} 13. Bf3 {[%emt 0:08:32]} b5 {[%emt 0:03:01]} 14. Re1 {[%emt 0:14:32]} b4 {[%emt 0:01:51]} 15. Nb1 {[%emt 0:09:17]} Nfd7 {[%emt 0:09:15]} 16. a3 {[%emt 0:11:13]} Rb8 {[%emt 0:08:48]} 17. axb4 {[%emt 0:09:21]} Rxb4 {[%emt 0:00:11]} 18. Na3 {[%emt 0:00:55]} Nb3 {[%emt 0:08:09]} 19. Nc2 {[%emt 0:03:57]} Rb7 {[%emt 0:01:22]} 20. Rb1 {[%emt 0:09:30]} Ndc5 {[%emt 0:02:42]} 21. Be3 {[%emt 0:01:31]} f5 {[%emt 0:03:36]} 22. Nd4 {[%emt 0:03:29]} fxe4 {[%emt 0:02:53]} 23. Nc6 {[%emt 0:00:57]} Qf6 {[%emt 0:02:06]} 24. Bxc5 {[%emt 0:02:00]} Nxc5 {[%emt 0:00:08]} 25. b4 {[%emt 0:00:38]} Bd7 {[%emt 0:07:21]} 26. bxc5 {[%emt 0:03:40]} Rxb1 {[%emt 0:00:12]} 27. Nxe4 {[%emt 0:00:44]} Rxd1 {[%emt 0:12:40]} 28. Nxf6+ {[%emt 0:00:02]} Bxf6 {[%emt 0:00:07]} 29. Rxd1 {[%emt 0:00:03]} dxc5 {[%emt 0:00:08]} 30. Nxa7 {[%emt 0:02:01]} c4 {[%emt 0:03:21]} 31. Nc6 {[%emt 0:00:48]} c3 {[%emt 0:00:29]} 32. Rc1 {[%emt 0:01:15]} Bf5 {[%emt 0:01:27]} 33. Bd1 {[%emt 0:01:26]} Re1+ {[%emt 0:05:23]} 34. Kf2 {[%emt 0:00:04]} Rxd1 {[%emt 0:01:10]} 35. Rxd1 {[%emt 0:00:08]} c2 {[%emt 0:00:01]} 36. Rh1 {[%emt 0:02:14]} Bb2 {[%emt 0:00:14]} 37. Ne7+ {[%emt 0:00:07]} Kf7 {[%emt 0:00:15]} 38. Nxf5 {[%emt 0:00:04]} gxf5 0-1

[Event "EYCC Open-U14 2019"]
[Site "Bratislava"]
[Date "2019.08.06"]
[Round "5.30"]
[White "Papadiamandis, Elliot"]
[Black "Radojicic, Aleksandar M"]
[Result "1-0"]
[WhiteElo "2202"]
[BlackElo "1962"]
[Annotator "NA"]
[PlyCount "47"]
[EventDate "2019.08.02"]
[EventType "swiss"]
[EventCountry "SVK"]
[SourceTitle "playchess.com"]
[Source "ChessBase"]
[SourceQuality "1"]
[TimeControl "40/5400+30:1800+30"]

1. e4 {[%emt 0:00:00]} c5 {[%emt 0:00:00]} 2. Nf3 {[%emt 0:00:00]} e6 {[%emt 0:00:00]} 3. d4 {[%emt 0:00:06]} cxd4 {[%emt 0:00:00]} 4. Nxd4 {[%emt 0:00:26]} a6 {[%emt 0:00:00]} 5. Be2 {[%emt 0:00:39]} Nf6 {[%emt 0:26:41]} 6. Nc3 {[%emt 0:01:10]} Bb4 {[%emt 0:01:43]} 7. e5 {[%emt 0:01:43]} Ne4 {[%emt 0:13:04]} 8. O-O {[%emt 0:20:11]} Nxc3 {[%emt 0:22:39]} 9. bxc3 {[%emt 0:01:08]} Bxc3 {[%emt 0:04:13]} 10. Rb1 {[%emt 0:08:48]} d6 {[%emt 0:04:19]} 11. Qd3 {[%emt 0:07:33]} dxe5 {[%emt 0:03:39]} 12. Qxc3 {[%emt 0:01:05]} exd4 {[%emt 0:00:08]} 13. Qc5 {[%emt 0:02:03]} Nc6 {[%emt 0:02:56]} 14. Bf3 {[%emt 0:03:25]} Ne7 {[%emt 0:15:05]} 15. Ba3 {[%emt 0:04:23]} Rb8 {[%emt 0:00:47]} 16. Qe5 {[%emt 0:02:20]} Bd7 {[%emt 0:00:56]} 17. Bd6 {[%emt 0:05:45]} f6 {[%emt 0:00:48]} 18. Qg3 {[%emt 0:01:35]} Bb5 19. Bxb8 Bxf1 20. Qxg7 Rg8 21. Bh5+ Kd7 22. Qxf6 Bxg2 23. Bg3 Bc6 24. Bf7 1-0

[Event "EYCC Open-U14 2019"]
[Site "Bratislava"]
[Date "2019.08.06"]
[Round "5.31"]
[White "Luczak, Filip"]
[Black "Silva, Pedro Gil Ferreira D"]
[Result "1/2-1/2"]
[WhiteElo "2144"]
[BlackElo "2049"]
[Annotator "NA"]
[PlyCount "114"]
[EventDate "2019.08.02"]
[EventType "swiss"]
[EventCountry "SVK"]
[SourceTitle "playchess.com"]
[Source "ChessBase"]
[SourceQuality "1"]
[TimeControl "40/5400+30:1800+30"]

1. e4 {[%emt 0:00:00]} c6 {[%emt 0:00:00]} 2. d4 {[%emt 0:00:00]} d5 {[%emt 0:00:00]} 3. Nc3 {[%emt 0:00:00]} dxe4 {[%emt 0:00:00]} 4. Nxe4 {[%emt 0:00:00]} Nf6 {[%emt 0:00:15]} 5. Nxf6+ {[%emt 0:00:00]} exf6 {[%emt 0:00:10]} 6. c3 {[%emt 0:00:00]} Bd6 {[%emt 0:00:24]} 7. Bd3 {[%emt 0:00:00]} O-O {[%emt 0:00:18]} 8. Qc2 {[%emt 0:00:00]} Re8+ {[%emt 0:00:14]} 9. Ne2 {[%emt 0:00:00]} h5 {[%emt 0:00:17]} 10. O-O {[%emt 0:00:03]} h4 {[%emt 0:00:38]} 11. Nf4 {[%emt 0:00:07]} Qc7 {[%emt 0:19:12]} 12. g3 {[%emt 0:01:51]} Nd7 {[%emt 0:02:19]} 13. Qd1 {[%emt 0:01:21]} Nf8 {[%emt 0:05:17]} 14. Qh5 {[%emt 0:01:25]} Qd7 {[%emt 0:03:20]} 15. Bd2 {[%emt 0:31:14]} hxg3 {[%emt 0:15:43]} 16. hxg3 {[%emt 0:00:34]} Qg4 {[%emt 0:00:32]} 17. Qxg4 {[%emt 0:02:29]} Bxg4 {[%emt 0:00:06]} 18. f3 {[%emt 0:00:22]} Bd7 {[%emt 0:16:39]} 19. Kf2 {[%emt 0:02:45]} Ne6 {[%emt 0:02:16]} 20. Ng2 {[%emt 0:05:53]} Ng5 {[%emt 0:02:27]} 21. Ne3 {[%emt 0:01:24]} g6 {[%emt 0:06:26]} 22. Rfe1 {[%emt 0:03:58]} b5 {[%emt 0:05:56]} 23. a4 {[%emt 0:02:21]} a6 {[%emt 0:01:59]} 24. axb5 {[%emt 0:05:06]} axb5 {[%emt 0:00:06]} 25. Nc2 {[%emt 0:02:52]} Rxa1 {[%emt 0:04:59]} 26. Rxe8+ {[%emt 0:02:32]} Bxe8 {[%emt 0:00:07]} 27. Nxa1 {[%emt 0:00:04]} Bd7 {[%emt 0:02:11]} 28. b4 {[%emt 0:03:53]} Ne6 {[%emt 0:03:31]} 29. Nc2 {[%emt 0:05:10]} Nc7 {[%emt 0:01:48]} 30. c4 {[%emt 0:03:00]} bxc4 {[%emt 0:00:13]} 31. Bxc4 {[%emt 0:00:06]} Be6 {[%emt 0:00:32]} 32. Bd3 {[%emt 0:04:56]} Kf8 {[%emt 0:00:44]} 33. Ne3 {[%emt 0:01:58]} Nd5 {[%emt 0:01:33]} 34. Nxd5 {[%emt 0:02:35]} Bxd5 {[%emt 0:00:13]} 35. b5 {[%emt 0:03:21]} cxb5 {[%emt 0:00:14]} 36. Bxb5 {[%emt 0:00:03]} Ke7 {[%emt 0:00:25]} 37. g4 {[%emt 0:01:21]} f5 {[%emt 0:02:35]} 38. gxf5 {[%emt 0:00:04]} gxf5 {[%emt 0:00:06]} 39. Bd3 {[%emt 0:02:42]} Ke6 {[%emt 0:00:20]} 40. Ba5 {[%emt 0:00:00]} Bf4 {[%emt 0:00:00]} 41. Ba6 {[%emt 0:02:03]} Kd6 {[%emt 0:03:21]} 42. Bc8 {[%emt 0:01:15]} Be6 {[%emt 0:00:26]} 43. Bb7 {[%emt 0:00:06]} Bd5 {[%emt 0:02:59]} 44. Bb4+ {[%emt 0:00:34]} Ke6 {[%emt 0:00:09]} 45. Bc8+ {[%emt 0:00:04]} Kf6 {[%emt 0:00:06]} 46. Ba5 {[%emt 0:00:35]} Kg6 {[%emt 0:01:03]} 47. Bd8 {[%emt 0:00:18]} Bc1 {[%emt 0:01:11]} 48. Kg3 {[%emt 0:05:45]} Be3 {[%emt 0:00:52]} 49. Bb6 {[%emt 0:00:05]} Bd2 {[%emt 0:00:18]} 50. Ba6 {[%emt 0:01:13]} Be3 {[%emt 0:00:29]} 51. Be2 {[%emt 0:01:28]} Kf6 {[%emt 0:01:40]} 52. Bc5 {[%emt 0:01:37]} Ke6 {[%emt 0:01:20]} 53. Ba6 {[%emt 0:01:14]} Kf6 {[%emt 0:00:21]} 54. Bc8 {[%emt 0:01:02]} Kg6 {[%emt 0:00:22]} 55. Bb6 {[%emt 0:01:19]} Kf6 {[%emt 0:00:21]} 56. Bd7 {[%emt 0:00:28]} Kg6 {[%emt 0:00:33]} 57. Kg2 {[%emt 0:00:42]} Kf6 {[%emt 0:00:31]} 1/2-1/2

[Event "EYCC Open-U14 2019"]
[Site "Bratislava"]
[Date "2019.08.06"]
[Round "5.32"]
[White "Levin, Guy"]
[Black "Hulka, Valentyn"]
[Result "1-0"]
[WhiteElo "2005"]
[BlackElo "1788"]
[Annotator "NA"]
[PlyCount "117"]
[EventDate "2019.08.02"]
[EventType "swiss"]
[EventCountry "SVK"]
[SourceTitle "playchess.com"]
[Source "ChessBase"]
[SourceQuality "1"]
[TimeControl "40/5400+30:1800+30"]

1. Nf3 {[%emt 0:00:00]} Nf6 {[%emt 0:00:00]} 2. g3 {[%emt 0:00:00]} g6 {[%emt 0:00:13]} 3. Bg2 {[%emt 0:00:00]} Bg7 {[%emt 0:00:05]} 4. c4 {[%emt 0:00:03]} O-O {[%emt 0:00:21]} 5. O-O {[%emt 0:00:24]} d5 {[%emt 0:00:10]} 6. d4 {[%emt 0:00:36]} c6 {[%emt 0:05:42]} 7. b3 {[%emt 0:04:43]} Bf5 {[%emt 0:10:43]} 8. Nc3 {[%emt 0:01:18]} Ne4 {[%emt 0:00:09]} 9. Bb2 {[%emt 0:00:44]} Nxc3 {[%emt 0:00:40]} 10. Bxc3 {[%emt 0:00:10]} Be4 {[%emt 0:00:03]} 11. e3 {[%emt 0:04:23]} Nd7 {[%emt 0:00:28]} 12. Qe2 {[%emt 0:01:59]} Rb8 {[%emt 0:20:25]} 13. Rac1 {[%emt 0:04:56]} dxc4 {[%emt 0:09:25]} 14. bxc4 {[%emt 0:00:24]} c5 {[%emt 0:00:10]} 15. Rfd1 {[%emt 0:05:22]} Qc7 {[%emt 0:01:04]} 16. Bh3 {[%emt 0:12:42]} Bc6 {[%emt 0:05:52]} 17. d5 {[%emt 0:10:26]} Ba4 {[%emt 0:00:04]} 18. Rd3 {[%emt 0:00:07]} Bxc3 {[%emt 0:06:53]} 19. Rdxc3 {[%emt 0:01:05]} a6 {[%emt 0:09:44]} 20. e4 {[%emt 0:01:25]} Ne5 {[%emt 0:03:16]} 21. Nxe5 {[%emt 0:08:52]} Qxe5 {[%emt 0:00:07]} 22. Qe3 {[%emt 0:00:08]} Qc7 {[%emt 0:02:37]} 23. f4 {[%emt 0:03:11]} Rfd8 {[%emt 0:03:32]} 24. e5 {[%emt 0:01:16]} Bd7 {[%emt 0:00:30]} 25. e6 {[%emt 0:01:12]} fxe6 {[%emt 0:00:11]} 26. Bxe6+ {[%emt 0:00:04]} Bxe6 {[%emt 0:00:08]} 27. Qxe6+ {[%emt 0:00:10]} Kf8 {[%emt 0:00:18]} 28. Re3 {[%emt 0:01:29]} Qd6 {[%emt 0:00:08]} 29. Qh3 {[%emt 0:00:14]} Kg8 {[%emt 0:07:25]} 30. Re6 {[%emt 0:00:20]} Qd7 {[%emt 0:00:28]} 31. Qh4 {[%emt 0:01:34]} Re8 {[%emt 0:01:31]} 32. Rce1 {[%emt 0:00:11]} Qa4 {[%emt 0:01:08]} 33. Rxe7 {[%emt 0:03:11]} Rxe7 {[%emt 0:00:06]} 34. Rxe7 {[%emt 0:02:00]} Qd1+ {[%emt 0:00:08]} 35. Kg2 {[%emt 0:00:15]} Qc2+ {[%emt 0:00:07]} 36. Kh3 {[%emt 0:00:23]} Qf5+ {[%emt 0:00:03]} 37. Qg4 {[%emt 0:00:20]} Qxg4+ {[%emt 0:00:21]} 38. Kxg4 {[%emt 0:00:02]} b5 {[%emt 0:00:09]} 39. cxb5 {[%emt 0:02:23]} axb5 {[%emt 0:00:33]} 40. d6 {[%emt 0:00:00]} c4 {[%emt 0:00:00]} 41. d7 {[%emt 0:03:27]} Kf8 {[%emt 0:00:10]} 42. Rxh7 {[%emt 0:00:08]} Rd8 {[%emt 0:00:03]} 43. Kf3 {[%emt 0:00:34]} Kg8 {[%emt 0:00:03]} 44. Re7 {[%emt 0:00:33]} Kf8 {[%emt 0:00:04]} 45. Re8+ Rxe8 {[%emt 0:00:04]} 46. dxe8=Q+ {[%emt 0:00:29]} Kxe8 {[%emt 0:00:09]} 47. Ke4 {[%emt 0:00:48]} b4 {[%emt 0:00:13]} 48. Kd4 {[%emt 0:00:24]} c3 {[%emt 0:00:04]} 49. Kd3 {[%emt 0:00:06]} Ke7 {[%emt 0:00:05]} 50. a3 {[%emt 0:00:14]} bxa3 {[%emt 0:00:10]} 51. Kxc3 {[%emt 0:00:03]} Ke6 {[%emt 0:00:09]} 52. g4 {[%emt 0:00:55]} Kd5 {[%emt 0:00:14]} 53. h4 {[%emt 0:00:13]} Ke4 {[%emt 0:00:43]} 54. h5 {[%emt 0:00:10]} gxh5 {[%emt 0:00:05]} 55. gxh5 {[%emt 0:00:06]} Kf5 {[%emt 0:00:08]} 56. Kb3 {[%emt 0:00:13]} Kf6 {[%emt 0:00:06]} 57. Kxa3 {[%emt 0:00:18]} Kg7 {[%emt 0:00:07]} 58. f5 {[%emt 0:00:06]} Kg8 {[%emt 0:01:07]} 59. Kb4 {[%emt 0:00:15]} 1-0

[Event "EYCC Open-U14 2019"]
[Site "Bratislava"]
[Date "2019.08.06"]
[Round "5.33"]
[White "Schouten, Mathias Lind"]
[Black "Liu, Casper"]
[Result "0-1"]
[WhiteElo "1961"]
[BlackElo "2194"]
[Annotator "NA"]
[PlyCount "55"]
[EventDate "2019.08.02"]
[EventType "swiss"]
[EventCountry "SVK"]
[SourceTitle "playchess.com"]
[Source "ChessBase"]
[SourceQuality "1"]
[TimeControl "40/5400+30:1800+30"]

1. e4 {[%emt 0:00:00]} c5 {[%emt 0:00:00]} 2. Nf3 {[%emt 0:00:00]} d6 {[%emt 0:00:00]} 3. d4 {[%emt 0:00:00]} cxd4 {[%emt 0:00:00]} 4. Nxd4 {[%emt 0:00:00]} Nf6 {[%emt 0:00:00]} 5. Nc3 {[%emt 0:00:00]} Nc6 {[%emt 0:00:00]} 6. Bg5 {[%emt 0:00:20]} Bd7 {[%emt 0:00:51]} 7. Bc4 {[%emt 0:01:48]} Qa5 {[%emt 0:04:34]} 8. Bxf6 {[%emt 0:10:19]} gxf6 {[%emt 0:00:31]} 9. Nb3 {[%emt 0:08:08]} Qg5 {[%emt 0:01:36]} 10. O-O {[%emt 0:08:47]} Rg8 {[%emt 0:06:21]} 11. g3 {[%emt 0:01:40]} Bh3 {[%emt 0:00:58]} 12. Re1 {[%emt 0:00:08]} e6 {[%emt 0:04:56]} 13. Nb5 {[%emt 0:06:22]} O-O-O {[%emt 0:00:47]} 14. N3d4 {[%emt 0:03:14]} h5 {[%emt 0:08:31]} 15. Nxc6 {[%emt 0:06:52]} bxc6 {[%emt 0:00:46]} 16. Nd4 {[%emt 0:02:42]} h4 {[%emt 0:07:03]} 17. Re3 {[%emt 0:04:24]} c5 {[%emt 0:23:18]} 18. Ba6+ {[%emt 0:22:38]} Kc7 {[%emt 0:01:19]} 19. Nf3 {[%emt 0:00:31]} Qf4 {[%emt 0:00:43]} 20. Qe1 {[%emt 0:11:51]} Rb8 {[%emt 0:05:22]} 21. Bc4 {[%emt 0:02:08]} hxg3 {[%emt 0:06:47]} 22. fxg3 {[%emt 0:01:11]} Bh6 {[%emt 0:03:39]} 23. Ra3 {[%emt 0:03:42]} Rb4 {[%emt 0:01:11]} 24. Kf2 {[%emt 0:01:29]} Qg4 {[%emt 0:01:36]} 25. Rxa7+ {[%emt 0:00:04]} Kb8 {[%emt 0:00:09]} 26. Ra3 {[%emt 0:03:35]} d5 {[%emt 0:04:34]} 27. exd5 {[%emt 0:00:56]} Qxc4 {[%emt 0:00:35]} 28. dxe6 {[%emt 0:01:11]} 0-1

[Event "EYCC Open-U14 2019"]
[Site "Bratislava"]
[Date "2019.08.06"]
[Round "5.34"]
[White "Droin, Augustin"]
[Black "Papidakis, Georgios"]
[Result "1/2-1/2"]
[WhiteElo "2172"]
[BlackElo "1888"]
[Annotator "NA"]
[PlyCount "95"]
[EventDate "2019.08.02"]
[EventType "swiss"]
[EventCountry "SVK"]
[SourceTitle "playchess.com"]
[Source "ChessBase"]
[SourceQuality "1"]
[TimeControl "40/5400+30:1800+30"]

1. e4 {[%emt 0:00:00]} e5 {[%emt 0:00:00]} 2. Nf3 {[%emt 0:00:00]} Nc6 {[%emt 0:00:00]} 3. Bb5 {[%emt 0:00:32]} g6 {[%emt 0:00:14]} 4. O-O {[%emt 0:02:58]} Bg7 {[%emt 0:00:16]} 5. c3 {[%emt 0:00:53]} a6 {[%emt 0:00:37]} 6. Ba4 {[%emt 0:01:17]} Nge7 {[%emt 0:00:19]} 7. d4 {[%emt 0:01:21]} exd4 {[%emt 0:01:14]} 8. cxd4 {[%emt 0:00:36]} O-O {[%emt 0:08:00]} 9. d5 {[%emt 0:09:24]} Na5 {[%emt 0:00:13]} 10. Qe2 {[%emt 0:03:30]} b5 {[%emt 0:02:14]} 11. Bc2 {[%emt 0:00:27]} d6 {[%emt 0:09:35]} 12. Nc3 {[%emt 0:10:01]} Bb7 {[%emt 0:09:06]} 13. Rd1 {[%emt 0:06:16]} Qd7 {[%emt 0:07:25]} 14. e5 {[%emt 0:09:23]} Rae8 {[%emt 0:12:22]} 15. e6 {[%emt 0:13:19]} fxe6 {[%emt 0:04:07]} 16. dxe6 {[%emt 0:00:27]} Qc8 {[%emt 0:01:52]} 17. Ng5 {[%emt 0:03:15]} Nec6 {[%emt 0:11:54]} 18. Qg4 {[%emt 0:09:19]} Ne5 {[%emt 0:10:03]} 19. Qh3 {[%emt 0:01:22]} h6 {[%emt 0:02:01]} 20. Nf7 {[%emt 0:01:16]} Nxf7 {[%emt 0:00:50]} 21. exf7+ {[%emt 0:00:05]} Kxf7 {[%emt 0:00:57]} 22. Qh4 {[%emt 0:02:39]} Re5 {[%emt 0:07:07]} 23. Qg3 {[%emt 0:03:09]} Re6 {[%emt 0:03:23]} 24. a4 {[%emt 0:02:01]} Rfe8 {[%emt 0:02:19]} 25. Be3 {[%emt 0:05:43]} Nc4 {[%emt 0:03:52]} 26. Bb3 {[%emt 0:04:35]} Be5 {[%emt 0:01:32]} 27. Qh3 {[%emt 0:02:30]} Bc6 {[%emt 0:01:01]} 28. axb5 {[%emt 0:00:43]} axb5 {[%emt 0:00:07]} 29. Rdc1 {[%emt 0:01:50]} g5 {[%emt 0:00:33]} 30. Nxb5 {[%emt 0:01:20]} Bxb5 {[%emt 0:00:39]} 31. Bxc4 {[%emt 0:01:11]} Bxc4 32. Rxc4 {[%emt 0:00:06]} d5 {[%emt 0:00:48]} 33. Rc2 {[%emt 0:01:22]} d4 {[%emt 0:00:47]} 34. Bd2 {[%emt 0:00:18]} Bf4 {[%emt 0:00:27]} 35. Qf3 {[%emt 0:01:25]} Kg7 {[%emt 0:00:41]} 36. g3 {[%emt 0:00:31]} Bxd2 {[%emt 0:00:37]} 37. Rxd2 {[%emt 0:00:03]} c5 {[%emt 0:00:43]} 38. Kg2 {[%emt 0:00:49]} Qd7 {[%emt 0:00:26]} 39. Ra5 {[%emt 0:00:56]} Rf6 {[%emt 0:00:21]} 40. Qd1 {[%emt 0:00:00]} Qc6+ {[%emt 0:00:00]} 41. Kg1 {[%emt 0:02:01]} Ra8 {[%emt 0:09:17]} 42. Rxa8 {[%emt 0:03:23]} Qxa8 {[%emt 0:00:11]} 43. Qg4 {[%emt 0:04:26]} Ra6 {[%emt 0:13:16]} 44. Qd7+ {[%emt 0:08:33]} Kg6 {[%emt 0:01:35]} 45. Rd1 {[%emt 0:00:41]} Ra1 {[%emt 0:00:41]} 46. Qe6+ {[%emt 0:00:15]} Kg7 {[%emt 0:00:18]} 47. Qe7+ {[%emt 0:00:14]} Kg6 {[%emt 0:00:06]} 48. Qe6+ {[%emt 0:00:16]} 1/2-1/2

[Event "EYCC Open-U14 2019"]
[Site "Bratislava"]
[Date "2019.08.06"]
[Round "5.35"]
[White "Kalosha, Zhiulien Oleksii"]
[Black "Sosovicka, Jakub"]
[Result "1-0"]
[WhiteElo "1936"]
[BlackElo "2097"]
[Annotator "NA"]
[PlyCount "101"]
[EventDate "2019.08.02"]
[EventType "swiss"]
[EventCountry "SVK"]
[SourceTitle "playchess.com"]
[Source "ChessBase"]
[SourceQuality "1"]
[TimeControl "40/5400+30:1800+30"]

1. e4 {[%emt 0:00:00]} c5 {[%emt 0:00:00]} 2. Nf3 {[%emt 0:00:00]} d6 {[%emt 0:00:00]} 3. d4 {[%emt 0:00:00]} cxd4 {[%emt 0:00:00]} 4. Nxd4 {[%emt 0:00:00]} Nf6 {[%emt 0:00:00]} 5. Nc3 {[%emt 0:00:00]} a6 {[%emt 0:00:06]} 6. f3 {[%emt 0:00:00]} e5 {[%emt 0:00:21]} 7. Nb3 {[%emt 0:00:15]} Be6 {[%emt 0:00:22]} 8. Be3 {[%emt 0:00:21]} Nc6 {[%emt 0:00:24]} 9. Nd5 {[%emt 0:01:09]} Bxd5 {[%emt 0:00:37]} 10. exd5 {[%emt 0:00:08]} Ne7 11. c4 {[%emt 0:01:42]} g6 {[%emt 0:01:08]} 12. Bd3 {[%emt 0:03:19]} Bg7 {[%emt 0:00:10]} 13. Qd2 {[%emt 0:00:10]} O-O {[%emt 0:04:16]} 14. O-O {[%emt 0:00:36]} b5 {[%emt 0:07:49]} 15. a4 {[%emt 0:04:48]} bxc4 {[%emt 0:06:09]} 16. Bxc4 {[%emt 0:00:12]} Qd7 {[%emt 0:04:07]} 17. Na5 {[%emt 0:04:42]} Nf5 {[%emt 0:16:25]} 18. b4 {[%emt 0:08:13]} e4 {[%emt 0:05:22]} 19. Ra3 {[%emt 0:02:17]} exf3 {[%emt 0:03:04]} 20. Rxf3 {[%emt 0:01:48]} Ng4 {[%emt 0:07:24]} 21. Nc6 {[%emt 0:07:25]} Ngxe3 {[%emt 0:05:24]} 22. Raxe3 {[%emt 0:01:05]} Bh6 {[%emt 0:06:40]} 23. Re7 {[%emt 0:23:10]} Nxe7 {[%emt 0:06:39]} 24. Qxh6 {[%emt 0:01:05]} Nxc6 {[%emt 0:09:25]} 25. dxc6 {[%emt 0:00:42]} Qa7+ {[%emt 0:00:56]} 26. Kh1 {[%emt 0:06:09]} Qd4 {[%emt 0:02:51]} 27. Qf4 {[%emt 0:02:10]} Qxf4 {[%emt 0:01:26]} 28. Rxf4 {[%emt 0:00:02]} Ra7 {[%emt 0:03:33]} 29. Kg1 {[%emt 0:01:35]} Rb8 {[%emt 0:01:07]} 30. b5 {[%emt 0:01:03]} d5 {[%emt 0:03:11]} 31. Bd3 {[%emt 0:00:46]} axb5 {[%emt 0:01:21]} 32. axb5 {[%emt 0:00:20]} Kf8 {[%emt 0:02:28]} 33. Rd4 {[%emt 0:00:45]} Ke7 {[%emt 0:01:05]} 34. Rxd5 {[%emt 0:00:15]} Ke6 {[%emt 0:02:21]} 35. Bc4 {[%emt 0:00:15]} Ke7 {[%emt 0:00:21]} 36. Kf2 {[%emt 0:00:34]} Rd8 {[%emt 0:00:51]} 37. Rxd8 {[%emt 0:01:56]} Kxd8 {[%emt 0:00:01]} 38. b6 {[%emt 0:00:08]} Ra4 {[%emt 0:00:55]} 39. Bd3 {[%emt 0:05:24]} Kc8 {[%emt 0:00:21]} 40. Ke3 {[%emt 0:00:00]} Kb8 {[%emt 0:00:00]} 41. Bb5 {[%emt 0:01:24]} Ra5 {[%emt 0:03:54]} 42. c7+ {[%emt 0:05:37]} Kb7 {[%emt 0:09:18]} 43. Bd7 {[%emt 0:00:53]} Ra8 {[%emt 0:00:42]} 44. c8=Q+ {[%emt 0:03:45]} Rxc8 {[%emt 0:00:04]} 45. Bxc8+ {[%emt 0:00:06]} Kxc8 {[%emt 0:00:06]} 46. Kd4 {[%emt 0:00:05]} f5 {[%emt 0:07:13]} 47. Ke5 {[%emt 0:00:50]} Kb7 {[%emt 0:00:13]} 48. Kf6 {[%emt 0:01:16]} Kxb6 {[%emt 0:01:35]} 49. h4 {[%emt 0:00:09]} Kc6 {[%emt 0:00:21]} 50. Kg7 {[%emt 0:00:11]} Kd5 {[%emt 0:00:20]} 51. Kxh7 {[%emt 0:00:13]} 1-0